| 000 | 01495nam a22003377a 4500 | ||
|---|---|---|---|
| 001 | T0000015 | ||
| 003 | KOHA_MİRAKIL | ||
| 005 | 20260207004503.0 | ||
| 007 | ta | ||
| 008 | 190402b2011 xx |||grm|||#0|||0|tur | | ||
| 040 |
_aTR-BiSEU _btur _cTR-BiSEU _erda |
||
| 041 | 0 | _atur | |
| 050 | 0 | 0 |
_aTez _b15 |
| 100 | 1 | _aFidan, Murat. | |
| 245 | 1 |
_aYeni kurulan üniversitelerde çalışanların örgüt kültürü algısı: Bilecik Üniversitesi örneği/ _cMurat Fidan ; Murat Fidan; danışman İsa İpçioğlu. |
|
| 264 | 1 |
_aBilecik : _bBilecik Üniversitesi _c2011 |
|
| 300 | _aXIV, 126 sayfa: tablo; 30 cm.+1CD-ROM | ||
| 336 |
_ametin _btxt _2rdacontent |
||
| 337 |
_aaracısız _bn _2rdamedia |
||
| 338 |
_acilt _bnc _2rdacarrier |
||
| 500 | _aRef. No: 404718 | ||
| 500 | _aKaynakça var. | ||
| 500 | _aİngilizce Eser Adı: Perception of organizationl culture among the employees of the newly established universities: sample of Bilecik University | ||
| 502 | _aTez (Yüksek Lisans) -- Bilecik Üniversitesi Sosyal Bilimler Enstitüsü İşletme Anabilim Dalı, Bilecik, . | ||
| 650 | 0 |
_aÖrgüt kültürü--Akademik personel--Bilecik Üniversitesi. _9118821 |
|
| 650 | 0 |
_aÖrgüt kültürü--İdari personel--Bilecik Üniversitesi. _9118822 |
|
| 650 | 0 |
_aOrganizational culture--Academic Personnel-- Bilecik University. _9118823 |
|
| 650 | 0 |
_aOrganizational culture--Administrative Personnel--Bilecik University. _9118824 |
|
| 856 | 4 | 0 | _uhttp://acikkaynak.bilecik.edu.tr/xmlui/handle/11552/79 |
| 907 | _aYüksek Lisans | ||
| 942 |
_2lcc _cTS |
||
| 999 |
_c64566 _d64566 |
||